000 00702nam a2200289Ia 4500
005 20260324124928.0
008 008 260324s9999 xx 000 0 eng d
020 _a9780203882801
037 _aEBOOK
040 _aCRL
040 _beng
040 _cCRL
041 _2eng
041 _aeng
084 _qCRL
100 _aIrina Y. Morozova
_91176042
245 0 _aSocialist Revolutions in Asia
245 4 _bThe Social History of Mongolia in the 20th Century
260 _bTaylor and Francis
260 _c2009
365 _a
365 _b240
856 _uhttp://www.taylorfrancis.com/books/9780203882801
942 _cEBOOK
999 _c1770851
_d1770851